| 000 | 00987cam a2200313 4500 | ||
|---|---|---|---|
| 999 |
_c9024 _d9024 |
||
| 001 | 9024 | ||
| 003 | BD-JhCC | ||
| 005 | 20200205134007.0 | ||
| 008 | 730424s1972 enk b 000 0 eng | ||
| 020 | _a0854962212 | ||
| 035 | _a(BD-JhCC)9024 | ||
| 040 |
_aDLC _cDLC _dDLC _dBD-JhCC |
||
| 041 | 1 | _aengger | |
| 050 | 0 | 0 |
_aHC59.7 _b.E6513 |
| 082 | 0 | 0 |
_a338.91/172/4 _bEPP 1972 |
| 100 | 1 |
_aEppler, Erhard, _d1926- |
|
| 240 | 1 | 0 | _aWenig Zeit für die Dritte Welt. |
| 245 | 1 | 0 |
_aNot much time for the Third World; _ctranslated from the German by Gerard Finan. |
| 260 |
_aLondon, _bWolff, _c1972. |
||
| 300 |
_a143 p. _c19 cm. |
||
| 350 | _a£1.00 | ||
| 500 | _aTranslation of Wenig Zeit für die Dritte Welt. | ||
| 504 | _aBibliography: p. 140-143. | ||
| 650 | 0 |
_aEconomic assistance, German _zDeveloping countries. |
|
| 650 | 0 |
_aTechnical assistance, German _zDeveloping countries. |
|
| 651 | 0 |
_aDeveloping countries _xEconomic conditions. |
|
| 942 |
_2ddc _cBK _02 |
||